00822 2200337 4500001002100000005001700021008004100038035002400079082001100103090001800114100001600132245006400148260002400212300002400236500002900260650002800289700001400317850001200331980001300343985000600356999001500362999001500377990001200392990001100404990001200415990001100427990001200438990001100450990001200461990001100473YOGYA-0209000006445420090227040310.0 ind  0010-020900000064454 a438.24 a438.24bHar W aHARDJONO, T aWir spechen deutschcT. Hardjono; digambar oleh Mudjihardjo aJakartabBumi Restu a...jilbilusc24 cm aYang diterima : jil.1, 2 aPelajaran Bahasa Jerman aMujiharjo aYOPDYOG a29-07-08 a2 aP000014993 aP000006672 a14993-P a6672-P a14993-P a6672-P a14993-P a6672-P a14993-P a6672-P